Every Bee in Bee Swarm Simulator - Statistics

General Stats
  • This quiz has been taken 32 times
  • The average score is 40 of 46
Answer Stats
Hint Answer % Correct
Common Basic Bee
100%
Legendary Demon Bee
100%
Legendary Diamond Bee
100%
Legendary Baby Bee
93%
Epic Bucko Bee
93%
Epic Commander Bee
93%
Epic Fire Bee
93%
Mythic Fuzzy Bee
93%
Event Gummy Bee
93%
Rare Hasty Bee
93%
Epic Honey bee
93%
Legendary Lion Bee
93%
Epic Riley Bee
93%
Event Tabby Bee
93%
Mythic Tadpole Bee
93%
Event Bear Bee
87%
Rare Bomber Bee
87%
Rare Brave Bee
87%
Epic Bubble Bee
87%
Rare Bumble Bee
87%
Mythic Buoyant Bee
87%
Legendary Carpenter Bee
87%
Event Cobalt Bee
87%
Epic Exhausted Bee
87%
Rare Looker Bee
87%
Legendary Music Bee
87%
Legendary Ninja Bee
87%
Event Photon Bee
87%
Mythic Precise Bee
87%
Event Puppy Bee
87%
Epic Rage Bee
87%
Rare Rascal Bee
87%
Mythic Spicy Bee
87%
Mythic Vector Bee
87%
Event Windy Bee
87%
Event Crimson Bee
80%
Event Festive Bee
80%
Epic Frosty Bee
80%
Legendary Shy Bee
80%
Rare Stubborn Bee
80%
Event Vicious Bee
80%
Rare Cool Bee
73%
Epic Demo Bee
73%
Event Digital Bee
73%
Rare Rad Bee
73%
Epic Shocked Bee
67%
No matching quizzes found
Score Distribution
Percent of People with Each Score
Percentile by Number Answered
Your Score History
You have not taken this quiz